Can you name a Sabrina Carpenter song for each letter of the alphabet? - Statistics

General Stats
  • This quiz has been taken 103 times
    62 since last reset
  • The average score is 18 of 21
Answer Stats
Letter Songs % Correct
E emails i can't send | Espresso | Exhale | Eyes Wide Open
96%
F Fast Times | Feather | Feels Like Loneliness | First Love | Fix Me Up
96%
N Never Getting Laid | Nobody's Son | Nonsense | A Nonsense Christmas | No Words
96%
T Take Off All Your Cool | Take You Back | Taste | Tears | Tell Em | That's Not How This Works | The Life of a Showgirl | The Middle of Starting Over | things i wish you said | Thumbs | Too Young | Tornado Warnings | Tricky | Two Young Hearts
96%
B Bad for Business | Bad Reviews | Bad Time | because i liked a boy | Bed Chem | Best Thing I Got | bet u wanna | Busy Woman | buy me presents
93%
S santa doesn't know you like i do | Seamless | Shadows | Sharpest Tool | Sign of the Times | Silver Nights | Skin | skinny dipping | Slim Pickins | Smoke and Fire | Space | Such A Funny Way | Sue Me | Sugar Talking
93%
C Can't Blame a Girl for Trying | Christmas the Whole Year Round | cindy lou who | Clouds | Coincidence | Couldn't Make It Any Harder | Cupid
91%
P Paris | Please Please Please | prfct | Pushing 20
91%
W We Almost Broke Up Again Last Night | We'll Be The Stars | When Did You Get Hot? | White Flag | white xmas | Why | WOW
91%
D Darling I'm a Mess | decode | Diamonds Are Forever | Don't Smile | Don't Want It Back | Don't Worry I'll Make You Worry | Dumb & Poetic
89%
G Go Go Juice | Goodbye | Good Graces
89%
L Let Me Move You | Lie To Girls | The Life of a Showgirl | Lonesome | Looking at Me
87%
M Manchild | The Middle of Starting Over | Mirage | Mona Lisa | My Man on Willpower
87%
H Have Yourself a Merry Little Christmas | Hold Tight | Honeymoon Fades | House Tour | how many things
84%
O On My Way | On Purpose | opposite
84%
V Vicious
84%
A Alien | All We Have Is Love | Almost Love | Already Over | A Nonsense Christmas
80%
J Juno
80%
R Read your Mind | Right Now | Run and Hide
73%
I I Can't Stop Me | I'm Fakin | In My Bed | is it new years yet?
60%
Y You Need Me Now? | Your Love's Like
51%
No matching quizzes found
Score Distribution
Percent of People with Each Score
Percentile by Number Answered
Your Score History
You have not taken this quiz since the last reset